000 00542nam a22001817a 4500
003 CEME
005 20210628210209.0
008 210215b xxu||||| |||| 00| 0 eng d
020 _a81-7049-096-0
040 _c.
082 _a355.33041 KUL
100 _aKuldip Singh, K.Brig (Retd) Karan Singh.Dr
_978472
245 _aOvercoming crisis in leadership indian army
260 _aNEW DELHI
_bMANA PUBLICATIONS
_c1998
300 _a250P
650 _aLEADERSHIP CRISIS IN INDIAN ARMY INDIAN ARMY-LEADERSHIP CRISIS
_978473
942 _cBK
_2ddc
999 _c583590
_d583590